[Event "45th Olympiad 2024"]
[Site "Budapest HUN"]
[Date "2024.09.11"]
[Round "1.5"]
[Board "3"]
[White "Vokhidov, Shamsiddin"]
[Black "Cupid, Kevin"]
[Result "1-0"]
[WhiteElo "2650"]
[BlackElo "2201"]
[PlyCount "85"]
[EventDate "2024.09.11"]
[WhiteTeam "Uzbekistan"]
[BlackTeam "Trinidad & Tobago"]
[WhiteTeamCountry "UZB"]

1. e4 c6 2. d4 d5 3. e5 Bf5 4. h4 h5 5. Bd3 Bxd3 6. Qxd3 Qa5+ 7. Nd2 e6 8. Ngf3 Qa6 9. c4 Nh6 10. O-O Nf5 11. Rd1 ({RR} 11. b3 Nd7 12. a4 Rc8 13. Qc2 b6 14. Bb2 Be7 15. g3 O-O 16. Rfe1 Rfe8 17. a5 Qb7 18. a6 Qa8 19. cxd5 cxd5 20. Qd3 Rc7 21. Re2 Rec8 22. Nf1 Nb8 23. Ne3 Nxe3 24. Qxe3 Rc2 25. Ne1 Rxe2 {1-0 Ponkratov,P (2613)-Saric,I (2669) EU-ch rapid Katowice 2017 (11)}) 11... Be7 ({RR} 11... Nd7 12. b3 Be7 13. a4 Nxh4 14. Nxh4 Bxh4 15. Ba3 Be7 16. Bxe7 Kxe7 17. b4 dxc4 18. Nxc4 Nb6 19. b5 cxb5 20. Nd6 b4 21. Qf3 Raf8 22. d5 Nxd5 23. Nf5+ exf5 24. Qxd5 Qc6 25. Qd4 Rd8 26. Qh4+ {1-0 Harish,N (2090)-Jiganchine,R (2205) Titled Tue 27th Feb Late 2024 (11)}) 12. g3 c5 $146 ({RR} 12... Nd7 13. b3 c5 14. Nf1 dxc4 15. bxc4 cxd4 16. Bf4 Nc5 17. Qc2 Rd8 18. N1d2 d3 19. Qb1 O-O 20. Qb5 Nd4 21. Nxd4 Rxd4 22. Be3 Qxb5 23. cxb5 Rb4 24. Bxc5 Bxc5 25. Nb3 Rxb5 26. Rxd3 Bb6 27. Re1 {½-½ Kudlak,J (1579)-Kukula,K (1464) POL-ch U18 Girls 2022 (9)}) ({RR} 12... Nd7 13. b3 c5 14. dxc5 Nxc5 15. Qc2 Rd8 16. Bb2 O-O 17. b4 Qa4 18. Nb3 dxc4 19. Qxc4 Rxd1+ 20. Rxd1 Nxb3 21. axb3 Qxb4 22. Qxb4 Bxb4 23. Rd7 Rb8 24. Ng5 Be7 25. Ne4 a5 26. Nd6 Bxd6 27. exd6 {0-1 Vokhidov,S (2534)-Suleymanli,A (2537) Titled Tuesday intern op 07th Jun Early blitz 2022 (10)}) ({RR} 12... Nd7 13. b3 c5 14. dxc5 Nxc5 15. Qc2 dxc4 16. Nxc4 O-O 17. Nd6 Bxd6 18. exd6 Rac8 19. Bf4 Rfd8 20. Rac1 b6 21. d7 Nxd7 22. Rxd7 Rxc2 23. Rxd8+ Kh7 24. Rxc2 f6 25. Rd7 Qb5 26. Rd1 e5 27. Bc1 {1-0 Reshef,O (2420)-Povill Claros,X (2194) Barcelona Sants op-A18th 2016 (2)}) 13. dxc5 Nc6 14. b4 Nxb4 15. Qc3 Bxc5 16. Nb3 Nxg3 17. Re1 Ne4 18. Rxe4 dxe4 19. Nxc5 Qc6 20. Qxb4 b6 21. Ng5 bxc5 22. Qb5 Rc8 23. Nxe4 O-O 24. Qxc6 Rxc6 25. Be3 Rfc8 26. a4 Ra6 27. a5 Kh7 28. Kg2 Kg6 29. Kf3 f5 30. Nxc5 Rac6 31. Nb7 a6 32. Nd6 R8c7 33. Rb1 f4 34. Rg1+ Kh7 35. Kxf4 Rxc4+ 36. Nxc4 Rxc4+ 37. Kg5 Re4 38. Kxh5 Rxe5+ 39. Rg5 Re4 40. Rc5 Ra4 41. Kg5 Ra1 42. Bd4 Rg1+ 43. Kf4 1-0

[Event "45th Olympiad 2024"]
[Site "Budapest HUN"]
[Date "2024.09.11"]
[Round "1.6"]
[Board "1"]
[White "El Jawich, Amro"]
[Black "Giri, Anish"]
[Result "0-1"]
[WhiteElo "2296"]
[BlackElo "2724"]
[PlyCount "166"]
[EventDate "2024.09.11"]
[WhiteTeam "Lebanon"]
[BlackTeam "Netherlands"]
[WhiteTeamCountry "LBN"]
[BlackTeamCountry "NED"]

1. e4 c5 2. Nc3 Nc6 3. Nge2 e6 4. g3 Nf6 5. Bg2 d6 6. d4 cxd4 7. Nxd4 Bd7 8. O-O Be7 9. Nxc6 Bxc6 10. Qe2 ({RR} 10. Bf4 a6 11. e5 dxe5 12. Bxc6+ bxc6 13. Bxe5 O-O 14. Qe2 Nd5 15. Na4 f6 16. Bd4 e5 17. Be3 Qa5 18. b3 Rfd8 19. Rad1 Qc7 20. c4 Nxe3 21. Qxe3 Bf8 22. Qe4 a5 23. g4 Rab8 24. h3 h6 {1-0 Hammer,J (2635)-Movsesian,S (2654) Chess24 Banter Blitz Cup 2019 (2.3)}) ({RR} 10. Bf4 O-O 11. e5 dxe5 12. Bxe5 Qb6 13. Qe2 Bxg2 14. Kxg2 Nd7 15. Bf4 Qxb2 16. Nd5 exd5 17. Qxe7 Qb5 18. Rab1 Qc6 19. Qd6 Nb6 20. Qxc6 bxc6 21. Bc7 Rfc8 22. Bf4 h6 23. h4 Nd7 24. Rfe1 Nf8 {0-1 Vidic,T (2128)-Aydin,G (2202) Olympiad Women 2024 (6.14)}) 10... O-O 11. Rd1 Nd7 $146 ({RR} 11... Qc7 12. Bf4 a6 13. Rd2 b5 14. a3 Rfd8 15. Rad1 Ne8 16. g4 h6 17. Qe3 a5 18. Qg3 Qb7 19. e5 b4 20. axb4 axb4 21. Ne2 dxe5 22. Rxd8 Bxd8 23. Bxe5 Bf6 24. Bxc6 Qxc6 25. Bxf6 Nxf6 26. Qg2 {0-1 Okolotowicz,Z-Stone,R (2345) Ontario 1990}) ({RR} 11... Qc7 12. Bf4 a6 13. Rd2 Rfd8 14. Rad1 h6 15. g4 b5 16. a3 e5 17. Be3 Qb7 18. Nd5 Bxd5 19. exd5 Re8 20. h4 Nh7 21. Be4 Bxh4 22. Kg2 Nf6 23. Bf5 g6 24. Bxh6 gxf5 25. gxf5 Kh7 26. Rh1 {0-1 Rodriguez,A (2325)-Larsen,B (2560) Buenos Aires GEBA 1991 (5)}) 12. Nb5 Bxb5 13. Qxb5 Qc7 14. c3 Ne5 15. Bf4 a6 16. Qe2 b5 17. Bxe5 dxe5 18. a4 b4 19. cxb4 Bxb4 20. Rac1 Qb6 21. Qe3 Qxe3 22. fxe3 g6 23. Bf1 a5 24. Bc4 Rfd8 25. Kf2 Rac8 26. b3 Bd2 27. Rb1 Rd6 28. Ke2 Rcd8 29. Rb2 Bb4 30. Rxd6 Rxd6 31. Bd3 g5 32. h3 h5 33. Rb1 Kg7 34. Rd1 Rd8 35. Bc4 Rh8 36. Kf3 Rh6 37. Bd3 Bc5 38. Rc1 g4+ 39. hxg4 hxg4+ 40. Kxg4 Bxe3 41. Rc2 Bd4 42. Rc4 Bf2 43. b4 axb4 44. Rxb4 Rg6+ 45. Kf3 Be1 46. Rb5 Rxg3+ 47. Ke2 Bc3 48. Rb3 Bd4 49. a5 Rg2+ 50. Kf3 Rf2+ 51. Kg3 Ra2 52. a6 Kg6 53. Kg4 Rg2+ 54. Kh3 Ra2 55. Kg4 Rf2 56. Ra3 Ba7 57. Bc4 f5+ 58. Kg3 Kf6 59. Ra2 Rf4 60. Bd3 Rg4+ 61. Kf3 Rh4 62. Kg3 Rh7 63. Rb2 f4+ 64. Kg4 Rg7+ 65. Kh4 Rg3 66. Bf1 Rg1 67. Bc4 Rc1 68. Be2 Rh1+ 69. Kg4 Rg1+ 70. Kh3 Rg3+ 71. Kh2 Re3 72. Bg4 Rxe4 73. Rb7 Be3 74. Rc7 Ra4 75. Rc6 e4 76. Bxe6 Ke5 77. Bc8 f3 78. Re6+ Kf4 79. Bb7 Bc5 80. Rc6 Ra2+ 81. Kh3 Ra1 82. Rf6+ Ke5 83. Rf7 f2 0-1

[Event "45th Olympiad 2024"]
[Site "Budapest HUN"]
[Date "2024.09.11"]
[Round "1.6"]
[Board "2"]
[White "Warmerdam, Max"]
[Black "Khoder, Akram"]
[Result "1-0"]
[WhiteElo "2679"]
[BlackElo "2239"]
[PlyCount "85"]
[EventDate "2024.09.11"]
[WhiteTeam "Netherlands"]
[BlackTeam "Lebanon"]
[WhiteTeamCountry "NED"]
[BlackTeamCountry "LBN"]

1. c4 e5 2. d3 Nf6 3. Nf3 Nc6 4. a3 a5 5. Nc3 Bc5 ({RR} 5... Be7 6. e4 O-O 7. Be2 d6 8. Rb1 Bg4 9. Be3 Nd7 10. Nd5 Bxf3 11. Bxf3 a4 12. Bg4 Nc5 13. O-O Nd4 14. f4 c6 15. Bxd4 exd4 16. Nb4 Bf6 17. Qf3 g6 18. Rbe1 Qe7 19. Re2 Bg7 20. Rfe1 {½-½ Giri,A (2745)-Vachier Lagrave,M (2732) Superbet ROM Classic 2024 (7.2)}) 6. Bg5 h6 7. Bxf6 Qxf6 $146 ({RR} 7... gxf6 8. g3 d6 9. Bg2 Bg4 10. h3 Be6 11. e3 Bb6 12. Nh4 f5 13. Nd5 Bxd5 14. Bxd5 Ne7 15. Bxb7 Rb8 16. Bg2 Qd7 17. b4 Ng6 18. b5 Nxh4 19. Bc6 {1-0 Vazquez,E (2000)-Araiza Castro,H (2120) Fide Mercenarios 5th 1995 (1)}) 8. g3 Nd4 9. Nd2 d6 10. e3 Ne6 11. b4 Ba7 12. Bg2 O-O 13. O-O c6 14. b5 Bd7 15. Rb1 Qe7 16. b6 Bb8 17. Nf3 d5 18. cxd5 cxd5 19. Nxd5 Qd6 20. Nd2 Bc6 21. Nc4 Qd7 22. e4 Bxd5 23. exd5 Nd4 24. Re1 a4 25. Qh5 Ra6 26. Re4 Nb3 27. Re3 Bd6 28. Rbe1 Na5 29. Bh3 Qd8 30. Nxe5 Bxe5 31. Rxe5 Qd6 32. Re8 Ra8 33. Rxa8 Rxa8 34. Qg4 Nb3 35. Qd7 Qxd7 36. Bxd7 Kf8 37. Kg2 g6 38. Bc6 Rd8 39. Bxb7 Rb8 40. Bc6 Rxb6 41. Re8+ Kg7 42. Ra8 Nd4 43. Rxa4 1-0

[Event "45th Olympiad 2024"]
[Site "Budapest HUN"]
[Date "2024.09.11"]
[Round "1.7"]
[Board "1"]
[White "Christiansen, Johan-Sebastian"]
[Black "Lee, Junhyeok"]
[Result "1-0"]
[WhiteElo "2661"]
[BlackElo "2364"]
[PlyCount "53"]
[EventDate "2024.09.11"]
[WhiteTeam "Norway"]
[BlackTeam "South Korea"]
[WhiteTeamCountry "NOR"]

1. e4 c5 2. Nf3 d6 3. d4 cxd4 4. Nxd4 Nf6 5. Nc3 a6 6. Bg5 Nbd7 7. Bc4 e6 8. Qe2 b5 9. Bb3 Qc7 ({RR} 9... Nc5 10. O-O-O h6 11. Bh4 Bb7 12. e5 g5 13. Bg3 Nfe4 14. Nxe4 Nxe4 15. exd6 Bg7 16. d7+ Kf8 17. Rhe1 Qb6 18. Nxe6+ fxe6 19. Qf3+ Ke7 20. Rxe4 Bxe4 21. Qxe4 {1-0 Nepomniachtchi,I (2776)-Ding,L (2811) chess.com Speed blitz 2019 (2.23)}) 10. O-O-O b4 $146 ({RR} 10... Nc5 11. Rhe1 Be7 12. Bd5 Bb7 13. Bxb7 Qxb7 14. Nd5 exd5 15. exd5 Kf8 16. Nc6 Re8 17. Bxf6 gxf6 18. Qh5 Rg8 19. Qh6+ Rg7 20. Re3 Kg8 21. Rde1 Rg6 22. Nxe7+ Rxe7 23. Rxe7 Qxe7 24. Qxg6+ hxg6 25. Rxe7 {1-0 Kraus,T (2501)-Dubessay,B (2255) Titled Tue 12th Mar Late 2024 (5)}) ({RR} 10... Bb7 11. f3 Be7 12. Bxe6 fxe6 13. Nxe6 Qa5 14. Nxg7+ Kf7 15. Nf5 b4 16. Qc4+ d5 17. Nxd5 Bxd5 18. exd5 Rhc8 19. Qe2 Bf8 20. Qe6+ Kg6 21. Bxf6 Nxf6 22. h4 Qxa2 23. h5+ Kg5 24. f4+ Kg4 25. Nd4+ {1-0 Antolak,J (2323)-Titichoca Daza,D (2090) Titled Tuesday intern op 28th Apr blitz 2020 (9)}) 11. Nd5 exd5 12. exd5+ Be7 13. Rde1 O-O 14. Qxe7 Re8 15. Qxe8+ Nxe8 16. Rxe8+ Nf8 17. Rhe1 Bb7 18. Rxa8 Bxa8 19. Re8 h6 20. Ne6 Qb7 21. Rxf8+ Kh7 22. Bc4 Kg6 23. Bd3+ Kh5 24. Be2+ Kg6 25. Bd3+ Kh5 26. h3 fxe6 27. f4 1-0

[Event "45th Olympiad 2024"]
[Site "Budapest HUN"]
[Date "2024.09.11"]
[Round "1.7"]
[Board "2"]
[White "Ahn, Hongjin"]
[Black "Tari, Aryan"]
[Result "1/2-1/2"]
[WhiteElo "2251"]
[BlackElo "2642"]
[PlyCount "165"]
[EventDate "2024.09.11"]
[WhiteTeam "South Korea"]
[BlackTeam "Norway"]
[BlackTeamCountry "NOR"]

1. e4 c5 2. Nc3 Nc6 3. f4 g6 4. Nf3 Bg7 5. a4 e6 6. e5 d6 7. Bb5 Nge7 8. Ne4 dxe5 9. fxe5 O-O 10. Nf6+ ({RR} 10. d4 Nxd4 11. Nf6+ Bxf6 12. exf6 Nef5 13. Nxd4 Qxd4 14. Qxd4 Nxd4 15. Bd3 e5 16. Be3 e4 17. Bxd4 cxd4 18. Bc4 Be6 19. Bxe6 fxe6 20. O-O-O e5 21. Rhe1 e3 22. c3 Rad8 23. cxd4 exd4 24. Kb1 Rxf6 {0-1 Kadric,D (2558)-Vakhidov,J (2599) Titled Tue 21st May Early 2024 (6)}) 10... Kh8 11. d4 Nd5 12. Bxc6 $146 ({RR} 12. dxc5 Nxe5 13. Nxd5 exd5 14. O-O Nxf3+ 15. Qxf3 Be6 16. Ra3 Rc8 17. b4 a6 18. Be2 a5 19. c3 Bf5 20. Be3 Re8 21. Rd1 Qe7 22. Kf2 Bg4 23. Qxg4 Qxe3+ 24. Kf1 axb4 25. Ra2 bxc3 26. Rxd5 Rxc5 {0-1 Pastor Carvajal,J (2120)-Amdouni,Z (2151) 45th Olympiad 2024 (6.47)}) ({RR} 12. O-O cxd4 13. Bg5 Nxf6 14. Bxc6 bxc6 15. Nxd4 Qd5 16. Bxf6 c5 17. Nb5 Bxf6 18. Qxd5 exd5 19. Rxf6 Bf5 20. c3 a5 21. Rd1 Rad8 22. Rc6 c4 23. Rd2 Kg8 24. Nd6 Be6 25. Rf2 Bd7 26. Rc5 Be6 {1-0 Fahrner,K (2303)-Manhardt,T (2176) TCh-AUT 2nd Mitte 2023-24 (6.5)}) 12... bxc6 13. Ne4 cxd4 14. Qxd4 c5 15. Qxc5 Ba6 16. Nd6 f6 17. c4 Nb6 18. b3 Nd7 19. Qc6 Nxe5 20. Qxa6 f5 21. Rb1 Nd3+ 22. Ke2 Nb4 23. Qb5 Na2 24. Qc6 Nc3+ 25. Kf2 Qxd6 26. Qxd6 Ne4+ 27. Ke2 Nxd6 28. Ba3 Rfd8 29. Ng5 Kg8 30. Rhd1 Nf7 31. Nxf7 Kxf7 32. Bc5 Ke8 33. Rxd8+ Kxd8 34. Rd1+ Kc7 35. Bd6+ Kc6 36. b4 a6 37. Rd2 Bh6 38. Rd3 e5 39. Rd5 e4 40. Bc5 Bf4 41. g3 Bc7 42. b5+ axb5 43. axb5+ Kb7 44. Rd7 Kc8 45. Rxh7 Ra2+ 46. Ke3 Rb2 47. Kd4 Rd2+ 48. Kc3 Ba5+ 49. Kb3 Bd8 50. Ba7 e3 51. b6 Rd7 52. Rxd7 Kxd7 53. Kc2 Kc6 54. Kd3 Bg5 55. b7 Kxb7 56. Bxe3 Bf6 57. h3 Kc6 58. g4 fxg4 59. hxg4 Be7 60. Ke4 Bd6 61. c5 Bc7 62. Bd4 Bg3 63. Be5 Be1 64. Bd6 Bc3 65. Kf4 Bf6 66. Ke4 Bc3 67. Be7 Kd7 68. Bf8 Kc6 69. Kf4 Bf6 70. Bd6 Kd5 71. Bf8 Bd8 72. Bd6 Bf6 73. Bf8 Bd8 74. Kf3 Bg5 75. Ke2 Bf4 76. Kd3 Be5 77. Be7 Bc7 78. Kc3 Ba5+ 79. Kb3 Be1 80. Bd6 Bd2 81. Ka4 Kc6 82. Kb3 Kd5 83. Ka4 1/2-1/2

[Event "45th Olympiad 2024"]
[Site "Budapest HUN"]
[Date "2024.09.11"]
[Round "1.7"]
[Board "4"]
[White "Huh, Isaak"]
[Black "Urkedal, Frode Olav Olsen"]
[Result "0-1"]
[WhiteElo "2114"]
[BlackElo "2546"]
[PlyCount "92"]
[EventDate "2024.09.11"]
[WhiteTeam "South Korea"]
[BlackTeam "Norway"]
[BlackTeamCountry "NOR"]

1. e4 e5 2. Nf3 Nc6 3. Bb5 a6 4. Ba4 Nf6 5. d3 b5 6. Bb3 Bc5 7. c3 d6 8. Bg5 Bb6 ({RR} 8... h6 9. Bh4 g5 10. Bg3 Bb6 11. Nbd2 Na5 12. Bc2 Nh5 13. a4 Rb8 14. b4 Nxg3 15. hxg3 Nc6 16. Nf1 Qf6 17. Qe2 Ne7 18. Ne3 h5 19. Bb3 c6 20. axb5 axb5 21. d4 g4 22. dxe5 dxe5 23. Nh4 {1-0 Carlsen,M (2875)-Ding,L (2805) Norway Chess Armageddon 7th blitz 2019 (6)}) 9. Nbd2 ({RR} 9. O-O h6 10. Bh4 Bg4 11. Bd5 Qd7 12. Bxf6 gxf6 13. h3 Be6 14. Nbd2 f5 15. d4 fxe4 16. Nxe4 Ke7 17. Bxe6 Qxe6 18. d5 Qg6 19. Re1 Nb8 20. Nh4 Qh7 21. Qg4 Nd7 22. Nf5+ Kd8 23. a4 bxa4 {1-0 Miranda,R (2300)-Hernandez Amura,G (2232) ARG-chT Villa Martelli 2022 (3.6)}) 9... h6 10. Be3 $146 ({RR} 10. Bh4 g5 11. Bg3 Nh5 12. Bd5 Bd7 13. Nxe5 Nxg3 14. Nxd7 Bxf2+ 15. Kxf2 Nxh1+ 16. Kg1 Qxd7 17. Qf3 Rd8 18. Qf6 Rh7 19. e5 Nxe5 20. Be4 Ng4 21. Qf3 Ne5 22. Qf6 Nf2 23. Bxh7 Nfg4 24. Qg7 Qe7 {0-1 Murzin,V (2502)-Esipenko,A (2716) Titled Tuesday intern op 08th June blitz 2021 (8)}) 10... Bxe3 11. fxe3 Na5 12. Bc2 c5 13. d4 Nc6 14. d5 Ne7 15. c4 Ng6 16. a4 bxc4 17. a5 Bd7 18. Nxc4 Bb5 19. Nfd2 O-O 20. O-O Rb8 21. Bd3 Ne8 22. Qe2 Ne7 23. b3 Nc7 24. Nb6 Nc8 25. Nxc8 Qxc8 26. Nc4 Bxc4 27. Bxc4 Rb4 28. Rf3 Qg4 29. Qd3 Nb5 30. Raf1 f6 31. Rg3 Qh5 32. Rh3 Qf7 33. Qe2 Rb8 34. Qg4 Kf8 35. Rh5 Na3 36. Bxa6 Rxb3 37. Bc8 Rb1 38. Be6 Rxf1+ 39. Kxf1 Nc4 40. Kf2 Rb2+ 41. Kg1 Nxe3 42. Qf3 Rb1+ 43. Kf2 Rf1+ 44. Ke2 Qe8 45. Qxe3 Qb5+ 46. Qd3 Re1+ 0-1

[Event "45th Olympiad 2024"]
[Site "Budapest HUN"]
[Date "2024.09.11"]
[Round "1.8"]
[Board "1"]
[White "Rakotomaharo, Fy Antenaina"]
[Black "Kollars, Dmitrij"]
[Result "1/2-1/2"]
[WhiteElo "2440"]
[BlackElo "2659"]
[PlyCount "157"]
[EventDate "2024.09.11"]
[WhiteTeam "Madagascar"]
[BlackTeam "Germany"]
[WhiteTeamCountry "MAD"]
[BlackTeamCountry "GER"]

1. e4 e5 2. Nf3 Nc6 3. Bc4 Bc5 4. d3 Nf6 5. O-O d6 6. c3 a6 7. a4 O-O 8. h3 Ba7 9. Re1 Be6 ({RR} 9... Ne7 10. d4 Ng6 11. Bb3 Bd7 12. Bc2 Re8 13. Nbd2 Bc6 14. a5 h6 15. Ra3 Qc8 16. b4 Bd7 17. Nf1 b6 18. Ng3 bxa5 19. bxa5 Rb8 20. Be3 Qb7 21. Rb3 Qa8 22. Rxb8 Qxb8 23. dxe5 dxe5 24. Bxa7 {½-½ Carlsen,M (2832)-Nakamura,H (2785) Paris GCT Blitz 2017 (8)}) 10. Nbd2 Nh5 $146 ({RR} 10... Re8 11. a5 d5 12. exd5 Bxd5 13. Qb3 Bxc4 14. Qxc4 Qd7 15. Ne4 Nd5 16. Nc5 Bxc5 17. Qxc5 Qd6 18. Qc4 h6 19. Be3 Rad8 20. Bc5 Qg6 21. Nh4 Qh5 22. Be3 e4 23. g3 exd3 24. Bd2 Re2 25. Rad1 {0-1 Dai,C (2502)-Dubnevych,M (2293) Titled Tue 11th Jun Early 2024 (6)}) ({RR} 10... h6 11. a5 Qe7 12. b4 Rad8 13. Qb3 Nh5 14. Nf1 Qf6 15. N1h2 Nf4 16. Ra2 Nxd3 17. Rd1 Nxc1 18. Rxc1 Qg6 19. Bxe6 fxe6 20. Re1 Rf4 21. Rae2 Rdf8 22. Kh1 Kh7 23. c4 Nd4 24. Nxd4 exd4 25. f3 {0-1 Rakotomaharo,F (2422)-Tang,A (2538) Titled Tuesday intern op 06th Oct blitz 2020 (7)}) ({RR} 10... Qd7 11. Bxe6 fxe6 12. a5 Rad8 13. Qb3 Qc8 14. Nc4 Nh5 15. Be3 Bxe3 16. fxe3 Rde8 17. Ncd2 Kh8 18. Kh2 Nf6 19. d4 exd4 20. exd4 e5 21. d5 Nd8 22. Rf1 Qd7 23. Rf2 Nh5 24. Raf1 Nf4 25. Ng1 {1-0 Kochukova,A (2082)-Bubeeva,L (1780) Cheliabinsk Panchenko Memorial op-B 2020 (4)}) 11. d4 exd4 12. Nxd4 Nf4 13. Nxe6 fxe6 14. Nf3 Kh8 15. Be3 Qf6 16. Kh2 Bxe3 17. Rxe3 Rf7 18. Bf1 Raf8 19. b4 g5 20. b5 axb5 21. axb5 Ne5 22. Nxe5 Qxe5 23. Kg1 Ng6 24. Ra2 b6 25. Qd4 Qg7 26. Qxg7+ Kxg7 27. Re1 Ne5 28. f3 h5 29. Ra7 g4 30. fxg4 hxg4 31. hxg4 Nxg4 32. Bc4 Re7 33. Be2 Ne5 34. Rd1 Ref7 35. Bh5 Rd7 36. Rf1 Rxf1+ 37. Kxf1 Kf6 38. Kf2 Rg7 39. Be2 Ng6 40. Ke3 Ke5 41. Bf3 Nf4 42. c4 Ng6 43. Ra8 Kf6 44. Rc8 Ke5 45. Re8 Nh4 46. Rc8 Kf6 47. Kd4 Ng6 48. Ke3 Rh7 49. Kd4 Re7 50. Bh5 Ne5 51. Rf8+ Kg5 52. Be2 Rg7 53. Re8 Kf6 54. Bf3 Re7 55. Rf8+ Rf7 56. Rc8 Rh7 57. Be2 Ng6 58. Bf3 Nf4 59. Ke3 Ng6 60. Kd4 Re7 61. Bh5 Nf4 62. Bf3 Rg7 63. Ke3 Ke5 64. Rf8 Nxg2+ 65. Bxg2 Rxg2 66. Rf7 Rg4 67. Rxc7 Rxe4+ 68. Kf3 d5 69. cxd5 exd5 70. Rc6 Rf4+ 71. Ke3 Rf6 72. Rc8 d4+ 73. Kd3 Rf3+ 74. Kc2 Rf6 75. Kd3 Rf3+ 76. Kc2 Rf2+ 77. Kb3 Rf3+ 78. Kc2 Rf6 79. Kd3 1/2-1/2

[Event "45th Olympiad 2024"]
[Site "Budapest HUN"]
[Date "2024.09.11"]
[Round "1.8"]
[Board "2"]
[White "Bluebaum, Matthias"]
[Black "Andrianiaina, Heritiana"]
[Result "1-0"]
[WhiteElo "2640"]
[BlackElo "2149"]
[PlyCount "59"]
[EventDate "2024.09.11"]
[WhiteTeam "Germany"]
[BlackTeam "Madagascar"]
[WhiteTeamCountry "GER"]
[BlackTeamCountry "MAD"]

1. Nf3 d5 2. e3 Nf6 3. c4 e6 4. Nc3 Be7 5. b3 c6 6. Bb2 Nbd7 7. d4 O-O 8. Bd3 b6 9. O-O Bb7 10. Qe2 Rc8 11. Rad1 Qc7 12. Ne5 Nxe5 13. dxe5 Nd7 14. f4 f5 15. cxd5 cxd5 16. Nb5 Qb8 17. Nd4 Nc5 18. Ba3 Rce8 $146 ({RR} 18... Rfe8 19. Bb5 Bf8 20. Bxe8 Rxe8 21. b4 Ne4 22. Rc1 a5 23. Qb2 axb4 24. Bxb4 Bc5 25. Rb1 Ba6 26. Bxc5 Bxf1 27. Bd6 Nxd6 28. exd6 Bd3 29. d7 {1-0 Czakon,J (2505)-Skomial,M (1887) POL-ch sf Chotowa 2007 (2)}) ({RR} 18... Rf7 19. Bxc5 bxc5 20. Nxe6 Rc6 21. Bxf5 Rxf5 22. Nxg7 Ba6 23. Qg4 Rg6 24. Qxf5 Bxf1 25. Kxf1 Qb5+ 26. Qd3 c4 27. Qxd5+ Qxd5 28. Rxd5 Kxg7 29. f5 Ra6 30. f6+ Bxf6 31. exf6+ Kxf6 32. bxc4 Rxa2 33. c5 {1-0 Peralta,F (2570)-Bergez,L (2394) Collado Villalba op-A 27th 2010 (3)}) 19. Bb5 Nxb3 20. Nxe6 Bxa3 21. Nxf8 Rxf8 22. Qd3 Bc5 23. Qxb3 Kh8 24. Be2 Rd8 25. Kh1 Qc8 26. Rd2 a5 27. Rfd1 a4 28. Qc3 Qe6 29. Bf3 Qe7 30. Bxd5 1-0